000 01431nam a2200241 4500
001 ESSALUD
005 20260701122814.0
007 ta
008 t pe ||||| |||| 00| 0 spa d
040 _aBMG
041 _aspa
100 _aCorte Suprema de Justicia de la República. Sala Civil Permanente
_eAutor
_953005
245 _aAlimentos: ¿cómo computar el plazo de prescripción en el delito de omisión de asistencia familiar?
300 _apáginas 62-66
500 _aSentencia de casación
520 _aEl delito de omisión de asistencia familiar es uno de naturaleza permanente y, por lo tanto, la consumación del delito se inicia con el incumplimiento del requerimiento de la liquidación de pensiones devengadas, y permanece hasta que el requerido cumpla con el pago exigido por mandato judicial. Por esta razón, procede aplicar, para el cálculo del plazo de prescripción del delito sub materia, el artículo 82, numeral 4, del Código Penal, el cual prescribe que el cómputo del plazo de prescripción en los delitos permanentes comienza a partir del día en que cesa la permanencia.
650 _aDERECHO DE FAMILIA
650 _aMANUTENCIÓN
_953055
650 _aASISTENCIA FAMILIAR
_953056
650 _aALIMENTOS
_95748
773 0 _022573
_922621
_dLima Grupo Praxis Formación Profesional, 2026-
_oPRA002
_tPraxis Civil & Procesal Civil
_wESSALUD
_x3119-7671
942 _cARTICULOS
_e2026-07-01
_zsqb
999 _c22596
_d22596